00595nam a22001817a 450000500170000001000150001702000270003203500140005903700090007308200250008224501470010726000410025427000750029530000190037070000180038970000030040770000030041020250908123522.0 aENG-146673 c1280.00a9788197519086 aEN-130205 bDBAD a355.009540904522025 aThe Diplomatic Dimensions of Military HistorycIndian Armed Forces in France and Flanders during World Wars I and II/bEdited by; Anubhav Roy  aGuwahati bSubhralin Thakuria c2024 aKahilipara , Guwahati bGuwahatie781019mthakuria.subhralin@gmail.com a90p.c22cm(hb) aRoy, Anubhav